Statistics for Five Most Populous Countries without COVID-19 by Continent

Click here to take the quiz!

General Stats

  • This quiz has been taken 187 times
    (108 since last reset)
  • The average score is 6 of 7

Answer Stats

ContinentPopulationAnswer% Correct
Asia25,778,816North Korea
91%
Oceania11,792Tuvalu
86%
Oceania10,824Nauru
84%
Oceania18,094Palau
84%
Oceania119,449Kiribati
75%
Oceania105,695Tonga
74%
Asia6,031,187Turkmenistan
64%

Score Distribution

Percentile by Number Answered

Percent of People with Each Score

Your Score History

You have not taken this quiz since the last reset